[Event "EYCC Girls U14 2018"]
[Site "Riga"]
[Date "2018.08.22"]
[Round "3"]
[White "Sleurs, Juliette"]
[Black "Mironenko, Galina"]
[Result "1/2-1/2"]
[WhiteElo "1870"]
[BlackElo "1998"]
[Annotator "NA"]
[PlyCount "87"]
[EventDate "2018.08.20"]
[EventType "swiss"]
[EventCountry "LAT"]
[SourceTitle "playchess.com"]
[Source "ChessBase"]
[SourceQuality "1"]
[TimeControl "40/5400+30:1800+30"]

1. e4 {[%emt 0:00:00]} g6 {[%emt 0:00:07]} 2. d4 {[%emt 0:00:00]} Bg7 {[%emt 0:00:05]} 3. Nc3 {[%emt 0:00:00]} d6 {[%emt 0:00:52]} 4. Nf3 {[%emt 0:01:48]} a6 {[%emt 0:01:12]} 5. h3 {[%emt 0:01:19]} b5 {[%emt 0:01:06]} 6. Bd3 {[%emt 0:11:40]} Nd7 {[%emt 0:01:30]} 7. O-O {[%emt 0:01:25]} Bb7 {[%emt 0:01:20]} 8. a4 {[%emt 0:09:19]} b4 $11 {[%emt 0:04:26]} 9. Ne2 {[%emt 0:01:57]} e6 {[%emt 0:09:44]} 10. Bd2 {[%emt 0:04:38]} c5 {[%emt 0:04:49]} 11. c3 {[%emt 0:04:45]} bxc3 {[%emt 0:05:29]} 12. Bxc3 {[%emt 0:02:51]} Ngf6 {[%emt 0:01:25]} 13. Ng3 {[%emt 0:02:50]} O-O {[%emt 0:03:38]} 14. b4 {[%emt 0:06:39]} cxd4 {[%emt 0:05:36]} 15. Bxd4 {[%emt 0:01:30]} e5 {[%emt 0:01:18]} 16. Be3 {[%emt 0:01:24]} d5 {[%emt 0:01:48]} 17. exd5 {[%emt 0:06:52]} Nxd5 {[%emt 0:05:01]} 18. Bg5 {[%emt 0:07:33]} Qe8 {[%emt 0:14:17]} 19. Ne4 {[%emt 0:06:19]} Qe6 {[%emt 0:02:29]} 20. Bc4 {[%emt 0:02:57]} h6 {[%emt 0:04:28]} 21. Be7 {[%emt 0:03:37]} Qxe7 {[%emt 0:02:20]} 22. Bxd5 {[%emt 0:00:12]} Bxd5 {[%emt 0:02:29]} 23. Qxd5 {[%emt 0:00:08]} Qxb4 {[%emt 0:06:15]} 24. Rfb1 {[%emt 0:02:34]} Qe7 {[%emt 0:00:16]} 25. Rb7 {[%emt 0:01:02]} Nf6 {[%emt 0:01:29]} 26. Nxf6+ {[%emt 0:00:43]} Qxf6 {[%emt 0:00:14]} 27. Re1 {[%emt 0:00:58]} Rfe8 {[%emt 0:02:30]} 28. a5 {[%emt 0:03:00]} Rad8 {[%emt 0:02:06]} 29. Qe4 {[%emt 0:01:34]} Rd6 {[%emt 0:02:26]} 30. Qa4 {[%emt 0:00:28]} Rde6 {[%emt 0:02:43]} 31. Rb6 {[%emt 0:00:59]} Rd8 {[%emt 0:03:02]} 32. Rxe5 {[%emt 0:04:30]} Rxb6 {[%emt 0:01:28]} 33. axb6 {[%emt 0:00:47]} Qxb6 {[%emt 0:01:06]} 34. Re8+ {[%emt 0:01:35]} Rxe8 {[%emt 0:00:59]} 35. Qxe8+ {[%emt 0:00:05]} Bf8 {[%emt 0:00:47]} 36. Ne5 {[%emt 0:01:30]} Qf6 {[%emt 0:01:06]} 37. Nd7 {[%emt 0:01:33]} Qe7 {[%emt 0:00:58]} 38. Qc8 {[%emt 0:00:52]} a5 {[%emt 0:00:27]} 39. Kf1 {[%emt 0:04:20]} a4 {[%emt 0:01:13]} 40. Qc6 {[%emt 0:00:00]} a3 {[%emt 0:00:00]} 41. Nf6+ {[%emt 0:08:47]} Kh8 {[%emt 0:05:51]} 42. Nd5 {[%emt 0:00:53]} a2 {[%emt 0:05:23]} 43. Qc3+ {[%emt 0:01:29]} Bg7 {[%emt 0:00:14]} 44. Qa5 {[%emt 0:00:50]} 1/2-1/2

[Event "EYCC Girls U14 2018"]
[Site "Riga"]
[Date "2018.08.22"]
[Round "3"]
[White "Vorobyova, Ekaterina"]
[Black "Wikar, Martyna"]
[Result "0-1"]
[WhiteElo "1861"]
[BlackElo "1974"]
[Annotator "NA"]
[PlyCount "93"]
[EventDate "2018.08.20"]
[EventType "swiss"]
[EventCountry "LAT"]
[SourceTitle "playchess.com"]
[Source "ChessBase"]
[SourceQuality "1"]
[TimeControl "40/5400+30:1800+30"]

1. d4 {[%emt 0:00:00]} Nf6 {[%emt 0:00:00]} 2. c4 d6 {[%emt 0:00:12]} 3. Nc3 {[%emt 0:01:16]} Nbd7 {[%emt 0:01:08]} 4. e4 {[%emt 0:06:09]} e5 5. d5 {[%emt 0:01:30]} Nc5 {[%emt 0:01:47]} 6. Bd3 {[%emt 0:01:43]} a5 {[%emt 0:00:56]} 7. Nge2 {[%emt 0:02:13]} g6 {[%emt 0:02:57]} 8. O-O {[%emt 0:01:55]} Bg7 {[%emt 0:01:36]} 9. Bc2 {[%emt 0:06:24]} O-O {[%emt 0:05:23]} 10. h3 $11 {[%emt 0:05:45] LiveBook: 3 Games} Ne8 {[%emt 0:05:02]} 11. f4 {[%emt 0:08:22]} exf4 12. Bxf4 {[%emt 0:02:54]} Qe7 {[%emt 0:08:50]} 13. Qd2 {[%emt 0:02:54]} Nf6 {[%emt 0:06:13]} 14. Ng3 Nfd7 {[%emt 0:03:35]} 15. Rae1 {[%emt 0:02:25]} Ne5 {[%emt 0:02:26]} 16. b3 {[%emt 0:01:10]} Bd7 {[%emt 0:10:37]} 17. Nce2 b5 18. cxb5 {[%emt 0:17:28]} Bxb5 {[%emt 0:00:48]} 19. Bg5 f6 {[%emt 0:07:23]} 20. Be3 {[%emt 0:06:42]} a4 21. Bxc5 {[%emt 0:08:51]} dxc5 {[%emt 0:07:02]} 22. Rf2 axb3 {[%emt 0:03:44]} 23. axb3 {[%emt 0:04:20]} Qd6 {[%emt 0:02:25]} 24. Nc3 {[%emt 0:02:35]} Bd7 25. Qe3 {[%emt 0:01:05]} Rfb8 {[%emt 0:07:00]} 26. Qe2 {[%emt 0:02:36]} c4 {[%emt 0:02:44]} 27. bxc4 {[%emt 0:01:06]} Ra3 28. Qd2 {[%emt 0:03:40]} Nxc4 {[%emt 0:02:01]} 29. Qd4 {[%emt 0:01:12]} f5 30. e5 {[%emt 0:04:30]} Bxe5 {[%emt 0:04:18]} 31. Rxe5 {[%emt 0:00:25]} Qxe5 {[%emt 0:01:16]} 32. Qxe5 {[%emt 0:01:39]} Nxe5 {[%emt 0:00:10]} 33. Nge2 {[%emt 0:00:57]} Rb2 {[%emt 0:01:48]} 34. Bd1 {[%emt 0:00:36]} Ra1 {[%emt 0:02:08]} 35. Rf1 {[%emt 0:01:06]} Nc4 {[%emt 0:01:37]} 36. Kf2 {[%emt 0:01:49]} Ra3 {[%emt 0:00:39]} 37. Kg1 {[%emt 0:01:20]} Ne3 {[%emt 0:01:29]} 38. Re1 {[%emt 0:00:31]} Ra1 {[%emt 0:01:31]} 39. d6 {[%emt 0:01:48]} Nxd1 {[%emt 0:01:09]} 40. Nxd1 {[%emt 0:00:00]} Rxe2 {[%emt 0:00:00]} 41. Rxe2 {[%emt 0:02:54]} Rxd1+ {[%emt 0:00:35]} 42. Kf2 {[%emt 0:00:12]} Rxd6 {[%emt 0:00:16]} 43. Rc2 {[%emt 0:00:07]} Rc6 {[%emt 0:00:19]} 44. Rd2 {[%emt 0:00:14]} Be6 {[%emt 0:00:06]} 45. g3 {[%emt 0:01:07]} Rc3 {[%emt 0:00:24]} 46. Re2 {[%emt 0:00:47]} Kf7 {[%emt 0:00:07]} 47. h4 0-1

[Event "EYCC Girls U14 2018"]
[Site "Riga"]
[Date "2018.08.22"]
[Round "3"]
[White "Ismayil, Malak"]
[Black "Bondareva, Daria"]
[Result "1/2-1/2"]
[WhiteElo "1772"]
[BlackElo "1922"]
[Annotator "NA"]
[PlyCount "198"]
[EventDate "2018.08.20"]
[EventType "swiss"]
[EventCountry "LAT"]
[SourceTitle "playchess.com"]
[Source "ChessBase"]
[SourceQuality "1"]
[TimeControl "40/5400+30:1800+30"]

1. e4 {[%emt 0:00:00]} d5 {[%emt 0:00:08]} 2. exd5 {[%emt 0:00:00]} Qxd5 {[%emt 0:00:04]} 3. Nc3 {[%emt 0:00:00]} Qa5 {[%emt 0:00:03]} 4. Bc4 {[%emt 0:00:48]} Nf6 {[%emt 0:00:39]} 5. Nf3 {[%emt 0:00:09]} Bg4 {[%emt 0:01:45]} 6. h3 {[%emt 0:00:05]} Bh5 {[%emt 0:01:58]} 7. g4 {[%emt 0:00:47]} Bg6 {[%emt 0:01:49]} 8. d3 {[%emt 0:00:06]} e6 {[%emt 0:07:58]} 9. Bd2 {[%emt 0:00:17]} c6 {[%emt 0:02:11]} 10. Qe2 {[%emt 0:02:10]} Qc7 {[%emt 0:10:47]} 11. Nd4 {[%emt 0:11:55]} Bc5 {[%emt 0:04:45]} 12. Nf5 {[%emt 0:11:09]} O-O $11 {[%emt 0:01:41]} 13. Ng3 {[%emt 0:00:32]} Bd6 {[%emt 0:04:51]} 14. Rg1 {[%emt 0:02:34]} Bf4 {[%emt 0:08:12]} 15. O-O-O {[%emt 0:01:42]} Nd5 {[%emt 0:01:51]} 16. Bxd5 {[%emt 0:09:55]} cxd5 {[%emt 0:01:30]} 17. Nh5 {[%emt 0:00:44]} Bxd2+ {[%emt 0:07:12]} 18. Qxd2 {[%emt 0:11:06]} Bxh5 {[%emt 0:06:40]} 19. gxh5 {[%emt 0:01:14]} Qe5 {[%emt 0:05:31]} 20. Rg5 {[%emt 0:02:42]} Qf6 {[%emt 0:00:02]} 21. Rdg1 {[%emt 0:00:20]} g6 {[%emt 0:01:35]} 22. h4 {[%emt 0:09:57]} Nc6 {[%emt 0:01:13]} 23. hxg6 {[%emt 0:01:10]} fxg6 {[%emt 0:00:04]} 24. h5 {[%emt 0:00:37]} Ne7 {[%emt 0:04:45]} 25. R1g2 {[%emt 0:02:40]} Qf4 {[%emt 0:02:49]} 26. hxg6 {[%emt 0:08:19]} Qxd2+ {[%emt 0:03:21]} 27. Kxd2 {[%emt 0:00:13]} hxg6 {[%emt 0:00:23]} 28. Nb5 {[%emt 0:00:24]} Rf6 {[%emt 0:00:47]} 29. Nd4 {[%emt 0:01:52]} Kf7 {[%emt 0:01:54]} 30. Rh2 {[%emt 0:00:20]} Rg8 {[%emt 0:00:22]} 31. Ke2 {[%emt 0:02:37]} a6 {[%emt 0:03:31]} 32. a4 {[%emt 0:08:59]} Nc6 {[%emt 0:02:09]} 33. Nxc6 {[%emt 0:03:48]} bxc6 {[%emt 0:00:03]} 34. Rh7+ {[%emt 0:00:17]} Rg7 {[%emt 0:00:03]} 35. Rh8 {[%emt 0:00:05]} Rg8 {[%emt 0:04:09]} 36. Rh7+ {[%emt 0:00:27]} Rg7 {[%emt 0:00:11]} 37. Rh8 {[%emt 0:00:05]} Rg8 {[%emt 0:00:05]} 38. Rxg8 {[%emt 0:03:21]} Kxg8 {[%emt 0:00:04]} 39. Rg4 {[%emt 0:00:16]} a5 {[%emt 0:02:59]} 40. b4 {[%emt 0:00:00]} axb4 {[%emt 0:00:00]} 41. Rxb4 {[%emt 0:00:35]} Rf7 {[%emt 0:04:29]} 42. a5 {[%emt 0:02:54]} Ra7 {[%emt 0:02:14]} 43. Ra4 {[%emt 0:00:15]} e5 {[%emt 0:02:06]} 44. a6 {[%emt 0:02:04]} Kf7 {[%emt 0:03:44]} 45. Kf3 {[%emt 0:02:40]} g5 {[%emt 0:03:39]} 46. Kg4 {[%emt 0:01:19]} Kg6 {[%emt 0:02:24]} 47. Ra5 {[%emt 0:02:15]} Kf6 {[%emt 0:02:10]} 48. f3 {[%emt 0:03:17]} Kg6 {[%emt 0:05:42]} 49. c4 {[%emt 0:02:43]} Kf6 {[%emt 0:00:55]} 50. Ra3 {[%emt 0:00:28]} e4 {[%emt 0:04:46]} 51. fxe4 {[%emt 0:06:31]} dxe4 {[%emt 0:01:35]} 52. d4 {[%emt 0:03:47]} Kg6 {[%emt 0:04:47]} 53. Ra5 {[%emt 0:01:07]} Kf6 {[%emt 0:00:07]} 54. Rf5+ {[%emt 0:00:44]} Ke6 {[%emt 0:00:38]} 55. Re5+ {[%emt 0:00:07]} Kd6 {[%emt 0:03:32]} 56. c5+ {[%emt 0:05:54]} Kd7 {[%emt 0:00:03]} 57. Rxe4 {[%emt 0:00:11]} Rxa6 {[%emt 0:00:02]} 58. Kxg5 {[%emt 0:00:09]} Ra8 {[%emt 0:00:01]} 59. Kg6 {[%emt 0:01:39]} Rf8 {[%emt 0:00:23]} 60. Kg5 {[%emt 0:00:16]} Rd8 {[%emt 0:01:37]} 61. Kf4 {[%emt 0:00:30]} Rf8+ {[%emt 0:00:39]} 62. Ke3 {[%emt 0:00:14]} Rf6 {[%emt 0:01:03]} 63. Kd3 {[%emt 0:00:24]} Rh6 {[%emt 0:01:07]} 64. Rg4 {[%emt 0:01:08]} Rh7 {[%emt 0:01:02]} 65. Kc4 {[%emt 0:01:01]} Rh1 {[%emt 0:01:13]} 66. Rg7+ {[%emt 0:00:16]} Kd8 {[%emt 0:00:46]} 67. Kd3 {[%emt 0:00:34]} Rh4 {[%emt 0:00:49]} 68. Ra7 {[%emt 0:00:31]} Kc8 {[%emt 0:00:34]} 69. Rf7 {[%emt 0:00:50]} Kd8 {[%emt 0:00:14]} 70. Rg7 {[%emt 0:00:06]} Kc8 {[%emt 0:00:27]} 71. Kc3 {[%emt 0:00:53]} Rh1 {[%emt 0:00:11]} 72. Rf7 {[%emt 0:00:29]} Kb8 {[%emt 0:00:51]} 73. Kd3 {[%emt 0:00:28]} Rh4 {[%emt 0:00:18]} 74. Ke3 {[%emt 0:00:04]} Kc8 {[%emt 0:00:15]} 75. Rf4 {[%emt 0:00:19]} Rh1 {[%emt 0:00:57]} 76. Ke4 {[%emt 0:00:23]} Re1+ {[%emt 0:00:04]} 77. Kf5 {[%emt 0:00:09]} Kd7 {[%emt 0:00:29]} 78. Kf6 {[%emt 0:00:23]} Rd1 {[%emt 0:00:40]} 79. Re4 {[%emt 0:00:30]} Rf1+ {[%emt 0:00:04]} 80. Ke5 {[%emt 0:00:04]} Rh1 {[%emt 0:00:11]} 81. Kf5 {[%emt 0:00:17]} Rf1+ {[%emt 0:00:22]} 82. Rf4 {[%emt 0:00:04]} Re1 {[%emt 0:00:46]} 83. Kf6 {[%emt 0:00:23]} Rd1 {[%emt 0:00:30]} 84. Kf7 {[%emt 0:00:07]} Rd2 {[%emt 0:00:25]} 85. Kg6 {[%emt 0:00:20]} Rg2+ {[%emt 0:00:04]} 86. Kf5 {[%emt 0:00:05]} Rg1 {[%emt 0:02:25]} 87. Ke5 {[%emt 0:00:43]} Re1+ {[%emt 0:00:04]} 88. Re4 {[%emt 0:00:41]} Rh1 {[%emt 0:00:06]} 89. Kf5 {[%emt 0:00:20]} Rf1+ {[%emt 0:00:20]} 90. Kg4 {[%emt 0:00:11]} Rh1 {[%emt 0:00:50]} 91. Kf3 {[%emt 0:00:09]} Rf1+ {[%emt 0:00:46]} 92. Ke2 {[%emt 0:00:04]} Rh1 {[%emt 0:00:30]} 93. Kd3 {[%emt 0:00:04]} Rd1+ {[%emt 0:00:35]} 94. Kc2 {[%emt 0:00:04]} Rh1 {[%emt 0:00:04]} 95. Kb3 {[%emt 0:00:06]} Ra1 {[%emt 0:00:13]} 96. Rh4 {[%emt 0:00:34]} Rb1+ {[%emt 0:01:06]} 97. Kc2 {[%emt 0:00:07]} Re1 {[%emt 0:00:32]} 98. Kd2 {[%emt 0:00:10]} Re7 {[%emt 0:00:18]} 99. Kd3 {[%emt 0:00:05]} Re1 {[%emt 0:00:17]} 1/2-1/2

[Event "EYCC Girls U14 2018"]
[Site "Riga"]
[Date "2018.08.22"]
[Round "3"]
[White "Anghel, Maria"]
[Black "Mkrtchyan, Mariam"]
[Result "0-1"]
[WhiteElo "1767"]
[BlackElo "1881"]
[Annotator "NA"]
[PlyCount "82"]
[EventDate "2018.08.20"]
[EventType "swiss"]
[EventCountry "LAT"]
[SourceTitle "playchess.com"]
[Source "ChessBase"]
[SourceQuality "1"]
[TimeControl "40/5400+30:1800+30"]

1. d4 {[%emt 0:00:00]} Nf6 {[%emt 0:00:00]} 2. Nf3 {[%emt 0:00:00]} e6 {[%emt 0:00:00]} 3. c4 {[%emt 0:00:00]} b6 {[%emt 0:00:00]} 4. Nc3 {[%emt 0:00:00]} Bb7 {[%emt 0:00:02]} 5. a3 {[%emt 0:00:05]} Be7 {[%emt 0:01:08]} 6. d5 {[%emt 0:00:28]} d6 {[%emt 0:06:12]} 7. e4 {[%emt 0:01:12]} e5 {[%emt 0:01:03]} 8. Bd3 {[%emt 0:01:37]} a5 {[%emt 0:02:17]} 9. O-O {[%emt 0:07:29]} O-O {[%emt 0:01:31] LiveBook: 6 Games} 10. Bd2 {[%emt 0:07:23]} Na6 {[%emt 0:01:14]} 11. Qc2 $14 {[%emt 0:08:08]} Nd7 {[%emt 0:11:10]} 12. Rfb1 {[%emt 0:05:26]} Ndc5 {[%emt 0:06:08]} 13. b3 {[%emt 0:18:25]} Bc8 {[%emt 0:08:23]} 14. Re1 {[%emt 0:11:35]} f5 {[%emt 0:04:53]} 15. Be3 {[%emt 0:07:32]} Nxd3 {[%emt 0:10:31]} 16. Qxd3 {[%emt 0:00:15]} f4 {[%emt 0:00:11]} 17. Bd2 {[%emt 0:01:21]} g5 {[%emt 0:00:27]} 18. Rec1 {[%emt 0:03:30]} g4 {[%emt 0:02:34]} 19. Ne1 {[%emt 0:00:36]} Qe8 {[%emt 0:03:08]} 20. g3 {[%emt 0:05:02]} Qh5 {[%emt 0:03:25]} 21. Ne2 {[%emt 0:04:06]} Bg5 {[%emt 0:09:25]} 22. gxf4 {[%emt 0:04:10]} exf4 {[%emt 0:01:46]} 23. Ng2 {[%emt 0:02:27]} Nc5 {[%emt 0:02:04]} 24. Qc2 {[%emt 0:01:30]} g3 {[%emt 0:09:39]} 25. fxg3 {[%emt 0:04:52]} Qxe2 {[%emt 0:00:39]} 26. gxf4 {[%emt 0:00:42]} Bf6 {[%emt 0:00:19]} 27. e5 {[%emt 0:04:59]} dxe5 {[%emt 0:00:38]} 28. Re1 {[%emt 0:00:37]} Qd3 {[%emt 0:00:53]} 29. Qd1 {[%emt 0:00:28]} exf4 {[%emt 0:02:53]} 30. Nxf4 {[%emt 0:00:22]} Qd4+ {[%emt 0:00:22]} 31. Kh1 {[%emt 0:00:16]} Bf5 {[%emt 0:01:10]} 32. Rg1+ {[%emt 0:00:32]} Kh8 {[%emt 0:00:25]} 33. Qe2 {[%emt 0:00:53]} Be4+ {[%emt 0:00:14]} 34. Ng2 {[%emt 0:00:23]} Rg8 {[%emt 0:04:36]} 35. Rad1 {[%emt 0:00:29]} Qd3 {[%emt 0:01:34]} 36. Qf2 {[%emt 0:00:34]} Bd4 {[%emt 0:00:47]} 37. Qh4 {[%emt 0:00:35]} Qf3 {[%emt 0:00:35]} 38. Bg5 {[%emt 0:00:27]} Rxg5 {[%emt 0:02:15]} 39. Qxg5 {[%emt 0:00:25]} Rg8 {[%emt 0:00:30]} 40. Qxg8+ Kxg8 {[%emt 0:00:00]} 41. Rxd4 {[%emt 0:01:34]} Nd3 0-1

[Event "EYCC Girls U14 2018"]
[Site "Riga"]
[Date "2018.08.23"]
[Round "4"]
[White "Stepanyan, Eva"]
[Black "Bellahcene, Sofia"]
[Result "1-0"]
[WhiteElo "2101"]
[BlackElo "1813"]
[Annotator "TA"]
[PlyCount "47"]
[EventDate "2018.08.20"]
[EventType "swiss"]
[EventCountry "LAT"]
[SourceTitle "playchess.com"]
[Source "ChessBase"]
[SourceQuality "1"]

{[%evp 20,47,7,-12,29,7,84,90,94,67,85,93,95,57,52,55,71,37,99,98,139,94,84,94,339,340,297,339,1404,1387]} 1. e4 c5 2. Nf3 g6 3. d4 cxd4 4. Nxd4 Bg7 5. c4 Nc6 6. Be3 d6 7. Nc3 Nf6 8. f3 O-O 9. Be2 Nd7 10. Nc2 Nc5 11. O-O {LiveBook: 49 Games} Bd7 {B37: Sicilian: Maroczy Bind with 5...Bg7, sidelines} (11... Bxc3 $5 12. bxc3 b6 $11) (11... f5 12. exf5 Bxf5 13. Nd4 Bd7 14. f4 Nxd4 15. Bxd4 Bc6 16. Bxg7 Kxg7 17. Qd4+ Rf6 18. b4 Ne6 19. Qe3 {1-0 (42) Kempinski,R (2587)-Berg,E (2610) Benidorm 2009}) 12. Qd2 a5 (12... Qa5 $11) 13. Rad1 $16 b6 $146 {White is better.} ({Predecessor:} 13... Nb4 14. Nd4 Rc8 15. f4 Bf6 16. f5 Nc6 17. Ndb5 Ne5 18. Bh6 Bxb5 19. Nxb5 Qb6 20. Qe3 Rfd8 21. b3 Rc6 22. fxg6 hxg6 23. Nc3 Ncd7 24. Qxb6 Nxb6 {½-½ (24) Ivanchenko,P (1587)-Vogel,H (1382) LSS email 2013}) 14. Bh6 Nb4 {[#] Strongly threatening ...Bxh6.} 15. Bxg7 Kxg7 16. Nxb4 axb4 17. Nd5 Rxa2 18. Qxb4 Ra4 (18... f6 $14) 19. Qc3+ ({Much weaker is} 19. Qxb6 $6 Qxb6 20. Nxb6 Rb4 $11) 19... Kg8 20. e5 {[#] And now exd6 would win.} dxe5 21. Qxe5 Ne6 $2 (21... f6 $16 {was necessary.} 22. Qxe7 (22. Nxe7+ Kf7 $17) 22... Qxe7 23. Nxe7+ Kf7) 22. Qe3 $18 Ra7 23. Nxb6 f5 $2 (23... Qe8 24. b4 Ng7) 24. Nxd7 {Precision: White = 73%, Black = 19%.} 1-0

[Event "EYCC Girls U14 2018"]
[Site "Riga"]
[Date "2018.08.23"]
[Round "4"]
[White "Mironenko, Galina"]
[Black "Ismayil, Malak"]
[Result "1-0"]
[WhiteElo "1998"]
[BlackElo "1772"]
[Annotator "NA RC"]
[PlyCount "167"]
[EventDate "2018.08.20"]
[EventType "swiss"]
[EventCountry "LAT"]
[SourceTitle "playchess.com"]
[Source "ChessBase"]
[SourceQuality "1"]
[TimeControl "40/5400+30:1800+30"]

1. d4 {[%emt 0:00:00]} Nf6 {[%emt 0:00:00]} 2. Nf3 {[%emt 0:00:00]} e6 {[%emt 0:00:00]} 3. g3 {[%emt 0:00:00]} d5 {[%emt 0:00:24]} 4. Bg2 {[%emt 0:00:00]} c5 {[%emt 0:00:17]} 5. b3 {[%emt 0:06:31] D02: 1 d4 d5 2 Nf3 sidelines, including 2...Nf6 3 g3 and 2...Nf6 3 Bf4} (5. c4 cxd4 6. O-O Be7 7. cxd5 Nxd5 8. Nxd4 O-O 9. e4 Nb4 10. Nc3 N8c6 11. Nxc6 Nxc6 12. Be3 Qa5 13. Qb3 b6 14. Rfd1 Ba6 15. Rd7 Bc5 16. Bxc5 bxc5 17. Qa4 Qb6 18. Rad1 Ne5 19. R7d6 Qxb2 20. Qb3 Qxb3 21. axb3 {½-½ (34) Matlakov,M (2709)-Esipenko,A (2571) Moscow 2018}) 5... Nbd7 {[%emt 0:03:40]} 6. O-O {[%emt 0:04:32]} Bd6 {[%emt 0:06:19]} 7. Bb2 {[%emt 0:00:32]} O-O {[%emt 0:00:37]} 8. c4 {[%emt 0:01:45]} Qe7 $146 {[%emt 0:13:50] [#]} (8... dxc4 $11 9. Nbd2 cxb3) ({Predecessor:} 8... cxd4 9. cxd5 e5 10. Ng5 Nxd5 11. Nxh7 Kxh7 12. Bxd5 Nb6 13. Bg2 Rb8 14. Nd2 {1-0 (51) Doronine,V (1752)-Chernyaev,V (1686) Kimry 2014}) 9. Nbd2 {[%emt 0:07:51]} (9. cxd5 $1 $16 exd5 10. Nc3) 9... Rb8 {[%emt 0:02:14]} 10. Re1 {[%emt 0:09:49]} b5 {[%emt 0:02:31]} 11. Ne5 {[%emt 0:03:44]} Bb7 {[%emt 0:08:25]} 12. cxd5 {[%emt 0:07:49]} exd5 {[%emt 0:00:39]} 13. Nxd7 {[%emt 0:01:50]} Qxd7 {[%emt 0:00:33]} 14. dxc5 {[%emt 0:02:59]} Bxc5 {[%emt 0:00:14]} 15. Nf3 {[%emt 0:08:50]} Ne4 {[%emt 0:03:16]} 16. e3 {[%emt 0:01:54]} f6 {[%emt 0:04:46]} 17. Qd3 {[%emt 0:02:19]} Rfd8 {[%emt 0:09:29]} 18. Nd4 {[%emt 0:02:24]} b4 {[%emt 0:02:07]} 19. f3 {[%emt 0:05:41]} Nd6 $14 {[%emt 0:02:02]} 20. Qf1 {[%emt 0:03:18]} Qf7 {[%emt 0:06:08]} 21. Bh3 {[%emt 0:01:15]} Re8 {[%emt 0:04:49]} 22. Rac1 {[%emt 0:02:01]} Bb6 {[%emt 0:00:43]} 23. Qd3 {[%emt 0:01:03]} Bc8 {[%emt 0:02:15]} 24. Bg2 {[%emt 0:05:02]} a5 {[%emt 0:04:19]} 25. Rc6 {[%emt 0:03:00]} Qf8 {[%emt 0:04:59]} 26. Nc2 {[%emt 0:04:57]} Kh8 {[%emt 0:03:52]} 27. Bd4 {[%emt 0:05:17]} Bxd4 {[%emt 0:01:53]} 28. Nxd4 {[%emt 0:00:33]} Bb7 {[%emt 0:02:57]} 29. Rc7 {[%emt 0:00:32]} Re7 {[%emt 0:02:37]} 30. Rec1 {[%emt 0:00:29]} Rbe8 {[%emt 0:01:27]} 31. Rxe7 {[%emt 0:01:54]} Qxe7 {[%emt 0:00:34]} 32. Kf2 {[%emt 0:00:36]} g6 {[%emt 0:03:28]} 33. Rc2 {[%emt 0:02:04]} Qd7 {[%emt 0:03:58]} 34. Rc5 {[%emt 0:01:10]} Rc8 {[%emt 0:00:51]} 35. Qc2 {[%emt 0:01:25]} Qd8 {[%emt 0:00:37]} 36. Bh3 {[%emt 0:00:57]} f5 {[%emt 0:00:12]} 37. Ne6 {[%emt 0:01:37]} Qf6 {[%emt 0:00:41]} 38. Nd4 {[%emt 0:01:48]} Qe7 {[%emt 0:00:32]} 39. Qb2 {[%emt 0:01:25]} Kg8 {[%emt 0:00:33]} 40. Rxa5 {[%emt 0:00:00]} Rc3 {[%emt 0:00:00]} 41. Qd2 {[%emt 0:07:47]} Qc7 {[%emt 0:13:01]} 42. Ra4 {[%emt 0:01:30]} Qc5 {[%emt 0:01:00]} 43. Ne2 {[%emt 0:04:34]} Bc6 {[%emt 0:01:45]} 44. Rxb4 {[%emt 0:01:50]} Rc2 {[%emt 0:03:21]} 45. Rb8+ {[%emt 0:03:02]} Kf7 {[%emt 0:01:03]} 46. Qb4 {[%emt 0:05:39]} Qxb4 {[%emt 0:01:18]} 47. Rxb4 {[%emt 0:00:07]} Bb5 {[%emt 0:00:15]} 48. Bf1 {[%emt 0:00:16]} Rxa2 {[%emt 0:00:07]} 49. Rd4 {[%emt 0:00:48]} Ke6 {[%emt 0:00:16]} 50. Ke1 {[%emt 0:00:38]} Bxe2 {[%emt 0:04:04]} 51. Bxe2 {[%emt 0:00:19]} Rb2 {[%emt 0:00:15]} 52. Rb4 {[%emt 0:01:37]} Rb1+ {[%emt 0:03:07]} 53. Kf2 {[%emt 0:00:32]} Rb2 {[%emt 0:00:53]} 54. h3 {[%emt 0:01:58]} h6 {[%emt 0:00:24]} 55. Rb8 {[%emt 0:00:31]} h5 {[%emt 0:01:46]} 56. b4 {[%emt 0:01:19]} Nc4 {[%emt 0:00:26]} 57. b5 {[%emt 0:00:42]} Ne5 {[%emt 0:00:56]} 58. Ke1 {[%emt 0:03:35]} Rb3 {[%emt 0:00:38]} 59. Kd2 {[%emt 0:00:57]} Rb2+ {[%emt 0:00:11]} 60. Kd1 {[%emt 0:00:16]} Rb3 {[%emt 0:00:10]} 61. f4 {[%emt 0:02:21]} Nd7 {[%emt 0:00:25]} 62. Rc8 {[%emt 0:00:12]} Kf7 {[%emt 0:02:03]} 63. Rc7 {[%emt 0:00:41]} Ke7 {[%emt 0:01:04]} 64. Kd2 {[%emt 0:00:50]} Rb2+ {[%emt 0:00:34]} 65. Rc2 {[%emt 0:00:37]} Rb3 {[%emt 0:00:52]} 66. Bd3 {[%emt 0:00:49]} Nf6 {[%emt 0:00:38]} 67. Rc7+ {[%emt 0:00:24]} Kf8 {[%emt 0:00:24]} 68. Rc6 {[%emt 0:00:13]} Kg7 {[%emt 0:00:04]} 69. Kc2 {[%emt 0:00:16]} Rb4 {[%emt 0:00:44]} 70. b6 {[%emt 0:00:19]} Ne4 {[%emt 0:01:08]} 71. Rc7+ {[%emt 0:00:23]} Kh6 {[%emt 0:00:14]} 72. Bxe4 {[%emt 0:00:22]} dxe4 {[%emt 0:00:17]} 73. b7 {[%emt 0:00:22]} Rb6 {[%emt 0:00:16]} 74. h4 {[%emt 0:00:59]} Rb4 {[%emt 0:00:15]} 75. Kc3 {[%emt 0:00:12]} Rb6 {[%emt 0:00:30]} 76. Kd4 {[%emt 0:00:13]} Rb5 {[%emt 0:00:04]} 77. Kc4 {[%emt 0:00:09]} Rb1 {[%emt 0:00:08]} 78. Kd5 {[%emt 0:00:09]} Rb6 {[%emt 0:00:04]} 79. Kc5 {[%emt 0:00:19]} Rb3 {[%emt 0:00:06]} 80. Kd6 {[%emt 0:00:11]} g5 {[%emt 0:00:38]} 81. hxg5+ {[%emt 0:00:42]} Kg6 {[%emt 0:00:05]} 82. Kd7 {[%emt 0:00:08]} h4 {[%emt 0:00:14]} 83. gxh4 {[%emt 0:00:10]} Kh5 {[%emt 0:00:08]} 84. Kc8 {[%emt 0:00:07]} 1-0